000 00390pab a2200157 454500
008 180718b2011 xxu||||| |||| 00| 0 eng d
100 _aSanthi, V. et al
245 _aTourism in India - emerging trends
260 _c2011
300 _ap.130-133.
362 _aJan-Jun
650 _aTourism
773 _aSouth Asian Journal of Socio-Political Studies
908 _aN
909 _a92095
999 _c92095
_d92095